GRE, graduate record examination general test

Bibliographic Details
Main Author: Martinson, Thomas H. (Author)
Format: Book
Published: New York : Prentice Hall Press , c1990
Edition:3rd ed
Subjects:

MARC

LEADER 00000cam a2200000 7i4500
001 0000003129
005 20221229093000.0
008 021118s1990
020 |a 0133636313 
090 0 0 |a LB2367.4   |b .M374 1990 
100 0 |a Martinson, Thomas H. ,   |e author 
245 1 0 |a GRE, graduate record examination general test   |c Thomas H. Martinson 
250 |a 3rd ed 
260 2 |a New York :   |b Prentice Hall Press ,   |c c1990 
300 |a 564 p. ;   |c 28 cm. 
650 0 |a Graduate Record Examination   |v Study guides 
999 |a 1000027924   |b Book   |c OPEN SHELF (30 DAYS)   |e Gong Badak Campus